| 000 | 03919 a2200385 4500 | ||
|---|---|---|---|
| 005 | 20080822171258.0 | ||
| 008 | 080822t xxu||||| |||| 00| 0bhin d | ||
| 010 | _a HIN-84045 B-307122-127 | ||
| 020 |
_c25.00 _a8126025239 |
||
| 035 | _aHN-56391 B-307122-127 | ||
| 037 | _aDBAD / PUB नार्थ इंडिया(वितरक) | ||
| 040 |
_aDPL _bHN |
||
| 082 | _a820.92 | ||
| 100 | _aतिवारी, विश्वनाथ प्रसाद | ||
| 245 |
_aकुबेरनाथ राय _cविश्वनाथ प्रसाद तिवारी |
||
| 246 |
_aKubernath Rai _bby Vishvanath Prasad Tiwari |
||
| 260 |
_aनई दिल्ली _bसाहित्य अकादेमी _c2007 |
||
| 270 |
_aरवीन्द्र भवन, 35 फीरोजशाह मार्ग _bनई दिल्ली _e110001 |
||
| 270 | _bदिल्ली | ||
| 300 |
_a102पृ _c22 सेमी (अजिल्द) |
||
| 490 | _aभारतीय साहित्य के निर्माता | ||
| 600 |
_aराय, कुबेरनाथ _xजीवनी |
||
| 600 |
_aRai, Kubernath _xBiography |
||
| 650 |
_aहिन्दी साहित्य _xइतिहास एवं समालोचना |
||
| 650 |
_aHindi lierature _xHistory and criticism |
||
| 942 |
_adpl _cHN _2ddc _h820.92 _mतिवारी |
||
| 999 |
_c12638 _d12638 |
||